000 01027nam2a2200301 4500
001 RU\NLR\bibl\1860417
005 20250616182707.0
035 _a(NLR Aleph) 001850320
090 _a2392897
_c2392897
100 _a20120125d2011 |||y0rusy50 ca
101 0 _arus
102 _aRU
105 _aa |||||||||
200 1 _aМирный атом: польза-вред
210 _d2011
_aБ. м.
215 _a210, [1] с.
_cил.
225 1 _a...
_vКн. 1
320 _aБиблиогр.: с. 179-211 (577 назв.)
461 0 _1001RU\NLR\bibl\1863045
_12001#$aЖизнь с радиацией$vКн. 1
_92426979
_aШубик, В. М.
_cСанкт-Петербург
_d2011
_fВ.М. Шубик
_nНИИ РГ
_tЖизнь с радиацией
_vКн. 1
686 _aР126.03
686 _aР126.45
801 0 _aRU
_bNLR
_c20120125
_gRCR
801 1 _aRU
_bNLR
_c20120125
942 _cBOOK
980 _aNB
980 _aNBR